000 00582nam a2200229Ia 4500
003 OSt
005 20220918200901.0
006 a|||||r|||| 00| 0
007 ta
008 220917b |||||||| |||| 00| 0 eng d
024 _a90,692
037 _cTextual
040 _aARTS
_cARTS
_beng
041 _2eng
_aeng
082 _aVv, M3
100 _aAnkersmit F R
_981243
245 0 _aNarrative logic
_b a semantic analysis of the historian's language
260 _c1983
650 _aHISTORY
942 _hVv, M3
_cTEXL
_2CC
999 _c214353
_d214353